000 00522nam a2200217Ia 4500
003 OSt
005 20220928141103.0
006 a|||||r|||| 00| 0
007 ta
008 220927b |||||||| |||| 00| 0 eng d
024 _a13614
037 _cTextual
040 _aSDCL
_cSDCL
_beng
041 _2eng
_aeng
082 _aO-,6M12x, P2
100 _aLear Edward
_9499050
245 0 _aBook of nonsense.
260 _c2002
942 _hO-,6M12x, P2
_cTEXL
_2CC
999 _c816023
_d816023